Central Library OPAC University of Rajshahi

The open society and its enemies / (Record no. 33199)

MARC details
000 -LEADER
fixed length control field 00976nam a2200289 a 4500
001 - CONTROL NUMBER
control field 33199
003 - CONTROL NUMBER IDENTIFIER
rucl marc code BD-RjUL
005 - DATE AND TIME OF LATEST TRANSACTION
control field 20211209051950.0
008 - FIXED-LENGTH DATA ELEMENTS--GENERAL INFORMATION
fixed length control field 140430r19691966enk 00100 eng d
020 ## - INTERNATIONAL STANDARD BOOK NUMBER
International Standard Book Number 0710046251 (v.1,pbk)
035 ## - SYSTEM CONTROL NUMBER
System control number (BD-RjUL)33290
System control number (BD-RjUL)
040 ## - CATALOGING SOURCE
Original cataloging agency BD-RjUL
Language of cataloging eng
Transcribing agency BD-RjUL
Modifying agency BD-RjUL
041 ## - LANGUAGE CODE
Language code of text/sound track or separate title eng
082 ## - DEWEY DECIMAL CLASSIFICATION NUMBER
Classification number 300
Author mark and year POO V-1 1969
100 1# - MAIN ENTRY--PERSONAL NAME
Personal name Popper, Karl Raimund,
Dates associated with a name 1902-1994
9 (RLIN) 100831
245 14 - TITLE STATEMENT
Title The open society and its enemies /
Statement of responsibility, etc. by K.R. Popper.
Number of part/section of a work Volume I :
Name of part/section of a work The spell of Plato
250 ## - EDITION STATEMENT
Edition statement 5th ed.(revised)
260 ## - PUBLICATION, DISTRIBUTION, ETC. (IMPRINT)
Place of publication, distribution, etc. London :
Name of publisher, distributor, etc. Routledge & Kegan Paul,
Date of publication, distribution, etc. 1966 [Reprinted 1969]
300 ## - PHYSICAL DESCRIPTION
Pagination xi, 361 p. ;
Size 22 cm.
490 ## - SERIES STATEMENT
Series statement Routledge Paperback ;
Volume/sequential designation No.25
500 ## - GENERAL NOTE
General note v.1. The spell of Plato -- v.2. The high tide of prophecy : Hegel, Marx and the aftermath.
504 ## - BIBLIOGRAPHY, ETC. NOTE
Bibliography, etc Includes index.
650 #0 - SUBJECT ADDED ENTRY--TOPICAL TERM
Topical term or geographic name as entry element Social sciences.
9 (RLIN) 100834
830 ## - SERIES ADDED ENTRY--UNIFORM TITLE
Uniform title Routledge Paperback ;No.25
942 ## - ADDED ENTRY ELEMENTS (KOHA)
Source of classification or shelving scheme Dewey Decimal Classification
Koha item type Books
Holdings
Lost status Source of classification or shelving scheme Damaged status Not for loan Collection code Permanent Location Current Location Shelving location Date acquired Source of acquisition Cost, normal purchase price Total Checkouts Full call number Date last seen Copy number Koha item type
  Dewey Decimal Classification   Not For Loan Non-fiction Central Library, University of Rajshahi Central Library, University of Rajshahi Reading Room 08/05/1974 OXFORD UNI. PRESS 0.00   300 POO V-1 1969 30/04/2014 C-1 Books